000 00451nam a2200169Ia 4500
003 GCL
008 140319s9999 xx 000 0 ara d
040 _aGCL /
_cGCL
082 0 4 _a331.12
_bش ح
100 1 _aشريف لطفى
245 1 0 _aحماية المستهلكين فى اقتصاد السوق /
_cشريف لطفى
300 _a22 ص
490 _a100 قصة
_v0
650 0 4 _aالاقتصاد
650 0 4 _aالسوق
942 _2ddc
_cBK
999 _c45047
_d45047